000 00281nam a22001337a 4500
020 _a1-8442-2666-2
082 _a823
_bHOR/I
100 _aHORSLEY LORRAINE
245 _aINVENTORS
260 _aLONDON
_bLADY BIRD
300 _a29
650 _aENGLISH SHORT STORY
_zUK
942 _cBK
999 _c1873
_d1873